Widok standardowy
Widok MARC
Pozycja Personal Name
Liczba rekordów, w których użyto hasła: 1
001 - Numer kontrolny
- control field: 40609
003 - Identyfikator numeru kontrolnego
- control field: NUKAT
005 - Data i czas ostatniej modyfikacji
- control field: 20260427102108.0
008 - Dane kontrolne kodowane (40 znaków)
- fixed length control field: 200604n||a|znnaabn |a aaa |c
010 ## - Numer kontrolny Biblioteki Kongresu
- numer kontrolny LC: n 2020006656
040 ## - Instytucja sporządzająca rekord
- inst. przygot. dane do rek. khw: WR U/hp
- język haseł przedmiotowych/tezaurus: kaba
- inst. wprow. rek. khw: WR U/hp
043 ## - Kod obszaru geograficznego
- ISO code: PL
- ISO code: FR
046 ## - Special dates
- Birth date: 1941
100 1# - Hasło - nazwa osobowa
- nazwa osobowa w formie ujednoliconej: Skwierczyński, Franciszek
- daty biograficzne: (1941- ).
370 ## - Associated place
- Country: Polska.
- Auth control #: http://nukat.edu.pl/aut/s 94110000
- Source of term: kaba
370 ## - Associated place
- Country: Francja.
- Auth control #: http://nukat.edu.pl/aut/s 95010568
- Source of term: kaba
370 ## - Associated place
- Residence/HQ: Szczecin (Polska).
- Auth control #: http://nukat.edu.pl/aut/s 94114838
- Source of term: kaba
373 ## - Associated Group
- Associated group: Niezależny Samorządny Związek Zawodowy "Solidarność".
- Auth control #: http://nukat.edu.pl/aut/n 94006317
374 ## - Occupation
- Occupation: Związkowcy.
- Auth control #: http://nukat.edu.pl/aut/s 2003110605
- Source of term: kaba
374 ## - Occupation
- Occupation: Konfidenci.
- Auth control #: http://nukat.edu.pl/aut/s 2007244178
- Source of term: kaba
375 ## - Gender
- Gender: 1
- Source of term: iso5218
377 ## - Assoc lang
- Lang code: pol
670 ## - Źródło informacji
- źródło informacji: Kp. Franciszka Skwierczyńskiego "Tajna kronika" szczecińska "Solidarności" w latach 1980-1982 / Przemysław Benken, Magdalena Dźwigał, Marcin Stefaniak. - Szczecin, 2020.